Online
Catalog

Gerónimo, el apache: (Record no. 57394)

MARC details
000 -CABECERA
campo de control de longitud fija 01166nam a2200301 i 4500
003 - IDENTIFICADOR DEL NÚMERO DE CONTROL
campo de control DO-SdBNP
005 - FECHA Y HORA DE LA ÚLTIMA TRANSACCIÓN
campo de control 20240809082544.0
006 - CÓDIGOS DE INFORMACIÓN DE LONGITUD FIJA--CARACTERÍSTICAS DEL MATERIAL ADICIONAL
campo de control de longitud fija a||||gr|||| 00| 0
007 - CAMPO FIJO DE DESCRIPCIÓN FÍSICA--INFORMACIÓN GENERAL
campo de control de longitud fija ta
008 - DATOS DE LONGITUD FIJA--INFORMACIÓN GENERAL
campo de control de longitud fija 240808t19761999sp aoc|| |||| 00| 0 spa d
020 ## - NÚMERO INTERNACIONAL ESTÁNDAR DEL LIBRO
Número Internacional Estándar del Libro 8476512112
040 ## - FUENTE DE LA CATALOGACIÓN
Centro catalogador/agencia de origen DO-SdBNP
Lengua de catalogación spa
Centro/agencia transcriptor BNPHU
Normas de descripción rda
082 #4 - NÚMERO DE LA CLASIFICACIÓN DECIMAL DEWEY
Número de edición 22
Número de documento/Ítem G377D
100 1# - ENTRADA PRINCIPAL--NOMBRE DE PERSONA
Nombre de persona Debo, Angie
Término indicativo de función/relación autor
9 (RLIN) 86253
245 10 - MENCIÓN DE TÍTULO
Título Gerónimo, el apache:
Resto del título el hombre, su tribu, su tierra y su tiempo /
Mención de responsabilidad, etc. Angie Debo; traducción de Francesc Gutiérrez
264 #4 - PRODUCCIÓN, PUBLICACIÓN, DISTRIBUCIÓN, FABRICACIÓN Y COPYRIGHT
Producción, publicación, distribución, fabricación y copyright Barcelona España :
Nombre del de productor, editor, distribuidor, fabricante University of Oklahoma Press, Norman,
Fecha de producción, publicación, distribución, fabricación o copyright ©1994
300 ## - DESCRIPCIÓN FÍSICA
Extensión 397 páginas :
Otras características físicas ilustraciones, fotografías, retratos ;
Dimensiones 21 cm.
336 ## - TIPO DE CONTENIDO
Fuente rdacontent
Término de tipo de contenido texto
Código de tipo de contenido txt
337 ## - TIPO DE MEDIO
Fuente rdamedia
Nombre/término del tipo de medio sin mediación
Código del tipo de medio n
338 ## - TIPO DE SOPORTE
Fuente rdacarrier
Nombre/término del tipo de soporte volumen
Código del tipo de soporte nc
490 0# - MENCIÓN DE SERIE
Mención de serie Hesperus - Biografía
500 ## - NOTA GENERAL
Nota general Incluye bibliografía y notas, página 397.
590 ## - NOTA LOCAL (RLIN)
Nota local Inventariado 2024 / MF
600 14 - PUNTO DE ACCESO ADICIONAL DE MATERIA--NOMBRE DE PERSONA
Nombre de persona Gerónimo
Subdivisión general Biografía
Subdivisión geográfica Barcelona, España
9 (RLIN) 86254
600 #4 - PUNTO DE ACCESO ADICIONAL DE MATERIA--NOMBRE DE PERSONA
Nombre de persona Debo, Angie
9 (RLIN) 86253
Título de la obra Gerónimo, el apache. El hombre, su tribu, su tierra y su tiempo.
Subdivisión geográfica Barcelona, España
700 1# - PUNTO DE ACCESO ADICIONAL--NOMBRE DE PERSONA
Nombre de persona Gutiérrez, Francesc,
9 (RLIN) 69717
Término indicativo de función/relación traductor
942 ## - ELEMENTOS DE PUNTO DE ACCESO ADICIONAL (KOHA)
Fuente del sistema de clasificación o colocación Dewey Decimal Classification
Tipo de ítem Koha Libro
Holdings
Estado de retiro Estado de pérdida Fuente del sistema de clasificación o colocación Restricciones de uso No para préstamo Código de colección Localización permanente Ubicación/localización actual Ubicación en estantería Fecha de adquisición Fuente de adquisición Total de préstamos Signatura topográfica completa Código de barras Fecha visto por última vez Precio válido a partir de Tipo de ítem Koha
    Dewey Decimal Classification Préstamo en sala   General Biblioteca Nacional Pedro Henríquez Ureña Biblioteca Nacional Pedro Henríquez Ureña En catalogación 08.08.2008 Donado por Pedro Altares   G377D 2024-4723 08.08.2024 08.08.2024 Libro

Powered by Koha